书目信息 |
| 题名: |
重力式无阀滤池 400立方米/时
|
|
| 作者: | 上海市市政工程设计院 主编 | |
| 分册: | ||
| 出版信息: | 北京 中国建筑科学研究院建筑标准设计研究所发行 1980 |
|
| 页数: | 23页 | |
| 开本: | 8开 | |
| 丛书名: | ||
| 单 册: | ||
| 中图分类: | TU991.24-65 | |
| 科图分类: | ||
| 主题词: | ||
| 电子资源: | ||
| ISBN: | ||
| 000 | 00612nam0 2200169 45 | |
| 001 | 1630470707 | |
| 005 | 20160627082859.06 | |
| 010 | @dCNY1.90 | |
| 100 | @a19990804d km y0chiy0120 ea | |
| 101 | 0 | @achi |
| 102 | @aCN@b110000 | |
| 200 | 1 | @Azhong li shi wu fa lu chi 400 li fang mi/shi@FSHANG HAI SHI SHI ZHENG GONG CHENG SHE JI YUAN ZHU BIAN@a重力式无阀滤池 400立方米/时@f上海市市政工程设计院 主编 |
| 210 | @a北京@c中国建筑科学研究院建筑标准设计研究所发行@d1980 | |
| 215 | @a23页@c无图表@d8开 | |
| 690 | @aTU991.24-65@v4 | |
| 801 | 0 | @aCN@b大连网信软件有限公司图书馆·11@c20160627 |
| 905 | @dTU991.24-65@eSH784:1@f1 | |
| 重力式无阀滤池 400立方米/时/上海市市政工程设计院 主编.-北京:中国建筑科学研究院建筑标准设计研究所发行,1980 |
| 23页:无图表;8开 |
| ISBN :CNY1.90 |
| ● |
| 相关链接 |
|
|
|
正题名:重力式无阀滤池 400立方米/时
索取号:TU991.24-65/SH784:1
 
预约/预借
| 序号 | 登录号 | 条形码 | 馆藏地/架位号 | 状态 | 备注 |
| 1 | 1238251 | 212382517 | 建筑库201/201建筑库 104排7列3层/ [索取号:TU991.24-65/SH784:1] | 在馆 |